000 00496nam a2200181Ia 4500
005 20250508161706.0
008 008 250505s9999 xx 000 0 eng d
037 _aTextual
040 _aFEDL
_beng
_cFEDL
041 _aeng
_2eng
084 _a696, FRA
_qFEDL
100 _aFrankland Thomas W
_9771356
245 0 _aPipe template layout
260 _aMilwaukee
_bThe Bruce Publishing Company
_c1967
300 _avii,81p
942 _cTEXL
_h696, FRA
999 _c1371576
_d1371576